000 00655nam a2200217 a 4500
008
020 _a1857151046 (cased)
049 _aMAIN
090 _aPR5684
_bTRO
100 1 _aTrollope, Anthony.
245 1 4 _aThe Eustace diamonds /
_cAnthony Trollope ; with introduction by Graham Handley.
260 _aLondon :
_bDavid Campbell,
_c1992.
300 _axxxv, 249 p. ;
_c22 cm.
440 1 _aEveryman's Library ;
_v104.
650 _aEnglish Literature
_d19th century.
907 _a.b1011435x
_b08-05-12
_c17-03-04
003
005 20230123133640.0
040 _cNUST
942 _cBOOKS
_kPR5684
_mTRO
999 _c152250
_d152250